Provinces of Angola Updated - Statistics

General Stats
  • This quiz has been taken 24 times
  • The average score is 11 of 21
Answer Stats
Province % Correct
Luanda
100%
Cabinda
83%
Benguela
67%
Moxico
67%
Bengo
50%
Bie
50%
Cuando
50%
Cubango
50%
Cunene
50%
Huambo
50%
Huila
50%
Icolo e Bengo
50%
Moxico Leste
50%
Namibe
50%
Zaire
50%
Cuanza Norte
33%
Cuanza Sul
33%
Lunda Norte
33%
Lunda Sul
33%
Malanje
33%
Uige
33%
No matching quizzes found
Score Distribution
Percent of People with Each Score
Percentile by Number Answered
Your Score History
You have not taken this quiz